Produkt ako komunikačný nástroj regiónov na Slovensku diplomová práca

Guardado en:
Detalles Bibliográficos
Autor principal: Letková, Petra
Autor Corporativo: Obchodná fakulta EU. Katedra tovaroznalectva a kvality tovaru
Otros Autores: Košútová, Tatiana, 1962-
Formato: Libro
Lenguaje:eslovaco
Publicado: Bratislava 2018
Etiquetas: Agregar Etiqueta
Sin Etiquetas, Sea el primero en etiquetar este registro!

MARC

LEADER 00000nbm a2200000 4500
001 0243362
005 20180911135930.4
041 0 |a slo 
044 |a SK 
245 1 0 |a Produkt ako komunikačný nástroj regiónov na Slovensku  |b diplomová práca  |c Petra Letková ; školiteľ: Tatiana Košútová 
264 1 |a Bratislava  |c 2018 
300 |a 64 s. 
100 1 |a Letková, Petra 
700 1 |a Košútová, Tatiana, 1962- 
710 2 |a Obchodná fakulta EU. Katedra tovaroznalectva a kvality tovaru